000 00427nam a22001697a 4500
003 koha_MIRAKIL
005 20231213100015.0
008 231213b |||||||| |||| 00| 0 ||| d
020 _b978-9-94428135-5
040 _aTR-IsEVY
_btur
_cTR-IsEVY
082 _a398.2 SAR/A
100 _aSarıyüce, Hasan Lâtif
245 0 _aAnadolu efsaneleri 2
260 _bNar Yayınları,
_c2007
300 _a111 s.
942 _2ddc
_cBK
999 _c12999
_d12999